Song Lyrics: Rammstein - Du riechst so gut - Statistics

General Stats
  • This quiz has been taken 227 times
  • The average score is 162 of 221
Answer Stats
Text % Correct
riech'
100%
Du
98%
du
98%
so
98%
Ich
97%
ich
97%
gut,
96%
gut.
96%
riechst
92%
dich
86%
dich.
86%
dich,
86%
Ein
83%
Die
81%
die
81%
Brücke.
79%
Brücke
79%
Der
79%
dir
79%
Das
76%
das
76%
Ist
74%
ist
74%
ist,
74%
nur
73%
nur,
73%
eine
72%
Mutter
72%
finde
70%
nach,
68%
und
68%
es
66%
Kind,
64%
nicht,
62%
seine
61%
geh
60%
geh'
60%
riecht.
60%
seh'
60%
steig
60%
steig'
60%
weil
60%
vor
59%
schmale
58%
sind
58%
den
56%
Wahnsinn!
56%
Trieb.
55%
hinterher.
54%
hinterher,
54%
auf
53%
blindes
53%
kriecht,
53%
Spur
53%
Ufer
53%
hab'
52%
Blut.
47%
Sonnenlicht
47%
vorwärts
47%
Vernunft
46%
spüre
45%
Hunger
44%
schreit,
43%
an
42%
an,
42%
Raubtier,
42%
Geist
40%
meilenweit.
40%
dein
39%
Gleich
39%
warmes
39%
fass'
37%
sie
37%
frisch
36%
witter
36%
Tropft
34%
Jetzt
33%
mich
33%
Schweiß,
33%
Haut.
32%
O
31%
brennt,
28%
nasse
28%
zu
28%
verwirrt.
27%
bis
26%
bricht.
26%
dann
25%
hör
25%
dunkel
24%
siehst
24%
sonst
24%
warte
24%
auseinander
21%
Verrat'
21%
wehr
21%
schreien
19%
No matching quizzes found
Score Distribution
Percent of People with Each Score
Percentile by Number Answered
Your Score History
You have not taken this quiz